TOP 20 des meilleurs buteurs de ligue des champions - Statistiques

Statistiques générales
  • Ce quiz a été pris 1 719 fois
  • Le résultat moyen est 11 sur 20
Statistiques - réponses
Rang Nombre de matchs Goal ratio Nombre de buts Réponse % Correct
1 187 0,75 141 Cristiano Ronaldo
100%
2 163 0,79 129 Lionel Messi
100%
19 66 0,65 43 Kylian Mbappé
92%
4 152 0,59 90 Karim Benzema
90%
3 114 0,81 92 Robert Lewandowski
85%
18 81 0,53 43 Neymar
80%
20 35 1,15 40 Erling Haaland
71%
12 128 0,38 49 Zlatan Ibrahimović
66%
9 115 0,44 51 Thierry Henry
60%
5 144 0,49 71 Raúl
54%
8 147 0,36 53 Thomas Müller
48%
17 94 0,47 44 Didier Drogba
41%
13 89 0,54 48 Mohamed Salah
41%
15 83 0,57 47 Sergio Agüero
37%
6 81 0,74 60 Ruud van Nistelrooy
24%
7 116 0,51 59 Andriy Chevtchenko
20%
10 85 0,59 50 Filippo Inzaghi
20%
16 92 0,48 44 Alessandro Del Piero
17%
11 58 0,84 49 Alfredo Di Stéfano
16%
14 63 0,75 47 Eusébio
10%
Aucun quiz correspondant
Distribution des résultats
% des personnes avec chaque résultat
Percentile par nombre de réponses
Votre historique - résultats
Vous n’avez pas pris ce quiz